| Rules/Law | discovered by | % Correct |
|---|---|---|
| Mass can be converted into energy; E=mc^2 | Einstein | 100%
|
| Objects stay at rest or in motion unless a force acts on them; F=ma | Newton | 100%
|
| You cannot simultaneously know the exact position and momentum of a particle | Heisenberg | 80%
|
| Voltage = Current times Resistance; V=I•R | Ohm | 80%
|
| Planets move around the sun in elliptical orbits, not perfect circles | Kepler | 60%
|
| Traits are passed from parents to offspring through discrete units 1. Law of Segregation2. Law of Independent Assortment 3. Law of Dominance | Mendel | 60%
|
| An increase in the speed of a fluid occurs simultaneously with a decrease in pressure | Bernoulli | 40%
|
| The farther away a galaxy is, the faster it is moving away from us, which proves the universe is expaning | Hubble | 40%
|
| Animals in cold climates have shorter limbs and appendages to minimize heat loss | Allen | 0%
|
| Animals in colder climates tend to be larger than those in warmer regions to conserve heat | Bergmann | 0%
|
| Populations in more humid environments tend to be more heavily pigmented | Gloger | 0%
|
| Synaptic connections strengthen when neurons are activated at the same time | Hebb | 0%
|
| Species in colder climates have a larger heart-to-body mass ratio | Hesse | 0%
|